<?xml version="1.0" encoding="UTF-8"?>
<record
    xmlns:xsi="http://www.w3.org/2001/XMLSchema-instance"
    xsi:schemaLocation="http://www.loc.gov/MARC21/slim http://www.loc.gov/standards/marcxml/schema/MARC21slim.xsd"
    xmlns="http://www.loc.gov/MARC21/slim">

  <leader>00742nam a22001937a 4500</leader>
  <datafield tag="999" ind1=" " ind2=" ">
    <subfield code="c">174108</subfield>
    <subfield code="d">174108</subfield>
  </datafield>
  <controlfield tag="005">20200317152629.0</controlfield>
  <datafield tag="010" ind1=" " ind2=" ">
    <subfield code="a">A-853943</subfield>
  </datafield>
  <datafield tag="020" ind1=" " ind2=" ">
    <subfield code="c">150.00</subfield>
    <subfield code="a">-</subfield>
  </datafield>
  <datafield tag="035" ind1=" " ind2=" ">
    <subfield code="a">A-853943</subfield>
  </datafield>
  <datafield tag="037" ind1=" " ind2=" ">
    <subfield code="b">BPPD/PUB</subfield>
    <subfield code="a">-</subfield>
  </datafield>
  <datafield tag="082" ind1=" " ind2=" ">
    <subfield code="a">&#x6A9;</subfield>
  </datafield>
  <datafield tag="100" ind1=" " ind2=" ">
    <subfield code="a">&#x645;&#x631; &#x62A;&#x628;&#x6C1;: &#x645;&#x63A;&#x646;&#x6CC; &#x62A;&#x628;&#x633;&#x645; &#x627; &#x648; &#x631; &#x642;&#x62F; &#x64A;&#x631; &#x632; &#x645;&#x627; &#x6BA;  </subfield>
  </datafield>
  <datafield tag="245" ind1=" " ind2=" ">
    <subfield code="a">&#x627; &#x646;&#x6AF;&#x631; &#x64A;&#x632; &#x6CC; &#x645;&#x64A;&#x6BA; &#x645;&#x639;&#x627; &#x635;&#x631; &#x6C1;&#x646;&#x62F; &#x648; &#x633;&#x62A;&#x627; &#x646;&#x6CC; &#x6A9;&#x6C1;&#x627; &#x646;&#x64A;&#x627; &#x6BA; </subfield>
    <subfield code="c">&#x645;&#x631; &#x62A;&#x628;&#x6C1;: &#x645;&#x63A;&#x646;&#x6CC; &#x62A;&#x628;&#x633;&#x645; &#x627; &#x648; &#x631; &#x642;&#x62F; &#x64A;&#x631; &#x632; &#x645;&#x627; &#x6BA;  </subfield>
  </datafield>
  <datafield tag="246" ind1=" " ind2=" ">
    <subfield code="b">Angrezi mein Ma"asir Hindustani Kahaniyan (Urdu)</subfield>
    <subfield code="a">Edited by Mughni Tabbasum and Qadeer Zaman </subfield>
  </datafield>
  <datafield tag="260" ind1=" " ind2=" ">
    <subfield code="a">N.Delhi</subfield>
    <subfield code="b">Sahitya Academy</subfield>
    <subfield code="c">1996 &#x621;</subfield>
  </datafield>
  <datafield tag="270" ind1=" " ind2=" ">
    <subfield code="a">Sawati Mandir Marg,</subfield>
    <subfield code="b">N.Delhi</subfield>
    <subfield code="e">110001</subfield>
    <subfield code="k">-</subfield>
    <subfield code="l">-</subfield>
  </datafield>
  <datafield tag="300" ind1=" " ind2=" ">
    <subfield code="a">335 &#x635; </subfield>
    <subfield code="c">22 Cm(Hb)</subfield>
  </datafield>
  <datafield tag="942" ind1=" " ind2=" ">
    <subfield code="2">ddc</subfield>
    <subfield code="c">UR</subfield>
    <subfield code="h">&#x6A9;</subfield>
    <subfield code="m">&#x645; &#x63A; &#x646; </subfield>
  </datafield>
  <datafield tag="952" ind1=" " ind2=" ">
    <subfield code="0">0</subfield>
    <subfield code="1">0</subfield>
    <subfield code="4">0</subfield>
    <subfield code="7">0</subfield>
    <subfield code="8">FIC</subfield>
    <subfield code="a">L</subfield>
    <subfield code="b">L</subfield>
    <subfield code="d">2020-03-17</subfield>
    <subfield code="e">BPPD/Ven.</subfield>
    <subfield code="g">150.00</subfield>
    <subfield code="l">0</subfield>
    <subfield code="o">&#x6A9; &#x645; &#x63A; &#x646;</subfield>
    <subfield code="p">A-853943</subfield>
    <subfield code="r">2020-03-17 00:00:00</subfield>
    <subfield code="t">1</subfield>
    <subfield code="v">150.00</subfield>
    <subfield code="w">2020-03-17</subfield>
    <subfield code="y">UR</subfield>
  </datafield>
</record>
